| 000 | 01147cab a2200205 4500 | ||
|---|---|---|---|
| 001 | ##L134339 | ||
| 008 | 060727n2006 000 0 eng u | ||
| 035 | _a(Sirsi) u134339 | ||
| 041 | 0 | _aeng | |
| 110 | 2 |
_aCITB-ConstructionSkills _94992 |
|
| 245 | 0 | 0 | _aCITB-ConstructionSkills call on employers to offer apprenticeship places to meet industry demand |
| 260 | _c2006 | ||
| 490 | 0 |
_aCITB-ConstructionSkills Press Release _v21 July 2006 |
|
| 520 | _aCITB-ConstructionSkills is urging employers to offer immediate apprenticeships to more than 5 000 high calibre construction recruits who are registered with its managing agency. The recruits have passed selection tests and are eager to take up careers in the construction industry. Grants of up to £8 000 are available to employers registered with CITB-ConstructionSkills to help with training costs. | ||
| 590 | _aIKA010806 | ||
| 651 | 4 |
_aUnited Kingdom _y |
|
| 690 | _aMANAGEMENT-BUSINESS MANAGEMENT-HUMAN RESOURCE MANAGEMENT | ||
| 856 | 4 | 1 |
_uhttps://www.citb-constructionskills.co.uk/news/pressreleases/ _zView the item free of charge at www.citb-constructionskills.co.uk/... |
| 942 | _n0 | ||
| 999 |
_c77465 _d77465 |
||